| 000 | 00417nam a2200181Ia 4500 | ||
|---|---|---|---|
| 001 | 4782 | ||
| 005 | 20260306145820.0 | ||
| 008 | 260306t2006||||xx |||||||||||||| ||spa|| | ||
| 041 | _aESP | ||
| 082 |
_a330.09 _bF38 |
||
| 100 |
_aFerguson, John M. _eAUT |
||
| 245 | 0 | _aHistoria de la economía | |
| 260 | _c2006 | ||
| 300 |
_a311 páginas : _c21 cm. |
||
| 650 | _aGEN | ||
| 654 | _aCAN | ||
| 942 |
_cLIB _dJUS _fJUS _2ddc _n |
||
| 999 |
_c4782 _d4782 |
||